[Event "Olympiad-39"]
[Site "Khanty-Mansiysk"]
[Date "2010.10.03"]
[Round "11.1"]
[White "Bologan, Viktor"]
[Black "Morovic Fernandez, Ivan"]
[Result "1-0"]
[WhiteElo "2690"]
[BlackElo "2580"]
[Annotator "Bologan,V"]
[PlyCount "67"]
[EventDate "2010.09.21"]
[EventType "team-swiss"]
[EventRounds "11"]
[EventCountry "RUS"]
[SourceTitle "CBM 139"]
[Source "ChessBase"]
[SourceDate "2010.11.18"]
[SourceVersion "1"]
[SourceVersionDate "2010.11.18"]
[SourceQuality "1"]
[WhiteTeam "Moldova"]
[BlackTeam "Chile"]
[WhiteTeamCountry "MDA"]
[BlackTeamCountry "CHI"]

1. e4 {The Olympiad didn't start too well for Moldova, but later we recovered
and in the event of a win in the last round against Chile we would make it to
the desired top 30.} e5 2. Nf3 Nc6 {Ivan is known also for working with
Anatoly Karpov. Another option for him was to play the safe Petroff.} 3. Bb5 a6
4. Ba4 Nf6 5. O-O Be7 6. Re1 b5 7. Bb3 d6 8. c3 O-O 9. d4 {Preparing for the
game I saw that Ivan has a very all-round chess education and knowledge in the
main lines of the Ruy Lopez. The minus which I found was his lack of practice
lately. So I decided to take him away from the main roads.} Bg4 10. d5 Na5 11.
Bc2 {Usually Black starts with Bd7.} Qc8 12. h3 Bd7 13. Nbd2 c6 14. b4 {
The point was to force the knight to go to b7, where it feels very
uncomfortable.} (14. dxc6 {is played much more often} Qxc6 15. Nf1 Nc4 16. Ng3
Rfe8 17. a4 (17. b3 Nb6 18. Be3 Rab8 19. Rc1 Qxc3 20. Bd3 Qa5 21. Bd2 Qa3 22.
Rc2 Rec8 23. Bc1 Qa5 24. Bd2 b4 $15 {Gashimov V 2740 - Svidler P 2750 , 3/25/
2010 19th Amber Blindfold}) 17... h6 (17... Nb6 18. a5 Na4 {Amonatov F 2608 -
Shinkevich V 2508 , 7/17/2010 Corporation Centre Cup} 19. Nf5 Bf8 20. Ne3 h6
21. Nd5 Nxd5 22. exd5 Qc7 23. Nh4 $36) 18. b3 Na5 19. Bd2 Qc7 20. axb5 axb5 21.
Nh4 {!?} Nc6 22. Nhf5 Rxa1 23. Qxa1 Bf8 24. Bd3 $14 {Kamsky, Gata 2720 -
Svidler, Peter 2726 ,2009 Nalchik}) 14... Nc4 {After this White gets a stable
and better pawn structure.} (14... Nb7 15. dxc6 Qxc6 16. Bb2 Nd8 {This was all
played in Pavlovic Milo2 2483 - Gagarin V 2403 , 7/23/2010 Andorra Open and
White should stick to the plan with c4.} 17. Bd3 Ne6 18. c4 Nf4 19. Bf1 Rfc8
20. Rc1 $14) 15. Nxc4 bxc4 16. dxc6 {I also examined the positional exchange
of the bishop for the knight.} (16. Bg5 cxd5 17. Bxf6 Bxf6 18. Qxd5 Be7 {
but I disliked the consequences followed by ...Be6 and ...d5.}) 16... Qxc6 17.
Bg5 Be6 18. Nd2 Rad8 ({On} 18... d5 {I would simply take the pawn} 19. exd5
Bxd5 20. Rxe5 h6 21. Bh4 $16) 19. Qe2 h6 20. Bh4 $1 {This was the point of Bg5
to keep the pressure and not to be in a rush with Bxf6.} Rfe8 21. a4 d5 ({On} 
21... Nh7 {I simply was going to retreat to g3} 22. Bg3 Nf6 23. a5 $14) 22. b5
$1 {Instead I could have gone for an easy advantage:} (22. Bxf6 Bxf6 23. exd5
Bxd5 24. Be4 $14) ({or to try to win the pawn after} 22. Nf3 {to be honest I
didn't calculate this move too much} dxe4 (22... Qc7 23. exd5 Nxd5 24. Bxe7
Rxe7 25. Qxe5 Qxe5 26. Nxe5 $16) 23. Nxe5 Qb7 $13) 22... axb5 23. axb5 Qb7 (
23... Qxb5 24. Ba4) 24. Bxf6 Bxf6 25. Reb1 {The point - White simply wants to
push the b-pawn.} d4 26. Nxc4 $16 dxc3 ({On} 26... Qc7 {there is a very strong
reply both defending the knight and improving the rook position:} 27. Ra4 dxc3
28. b6 $16) 27. b6 {Now the pawn is unstopable.} Rd4 28. Na5 Qd7 29. Qe3 Qc8 (
29... Be7 30. Qxc3 Rc8 31. Qb2 Rb4 (31... Rd2 32. b7) 32. Qc1 Bg5 33. Qd1 {
with a clear pawn up.}) 30. b7 Qc7 31. Ra3 $18 {The end of the c-pawn story.}
Rb8 32. Qxc3 Qd6 33. Nc6 Rxb7 34. Nxd4 1-0

[Event "URS-ch46 First League"]
[Site "Ashkhabad"]
[Date "1978.??.??"]
[Round "15"]
[White "Tseshkovsky, Vitaly"]
[Black "Savon, Vladimir A"]
[Result "1-0"]
[WhiteElo "2570"]
[BlackElo "2560"]
[Annotator "Bulletin"]
[PlyCount "114"]
[EventDate "1978.10.??"]
[EventType "tourn"]
[EventRounds "17"]
[EventCountry "URS"]
[EventCategory "10"]
[SourceTitle "MCL"]
[Source "ChessBase"]
[SourceDate "1999.07.01"]
[SourceVersion "1"]
[SourceVersionDate "1999.07.01"]
[SourceQuality "1"]

1. e4 e5 2. Nf3 Nc6 3. Bb5 a6 4. Ba4 Nf6 5. O-O Be7 6. Re1 b5 7. Bb3 d6 8. c3
O-O 9. d4 Bg4 10. d5 Na5 11. Bc2 c6 12. h3 Bc8 13. dxc6 Qc7 14. Nbd2 Qxc6 15.
Nf1 Be6 (15... Nc4 16. Ng3 Re8 17. a4 Bf8 18. b3 (18. Nh4 $1 $14) 18... Nb6 19.
a5 Nbd7 20. Bd2 Bb7 $10 {Nunn,J-Littlewood/London/1978/}) 16. Ng3 Rfe8 17. Qe2
Bf8 18. Ng5 Bd7 19. Nh5 $1 $14 Be7 20. Nxf6+ Bxf6 21. Qh5 Bxg5 22. Bxg5 f6 23.
Bc1 Be6 24. Re3 Bf7 25. Qg4 Qc8 26. b3 Qxg4 27. hxg4 Nb7 (27... Nc6) 28. b4
Rec8 29. a4 bxa4 30. Bxa4 Be6 31. f3 Kf7 32. Bd2 Bc4 33. Ree1 h6 34. Ra3 Ke6
35. Be3 d5 36. exd5+ Bxd5 37. Bc2 $1 Nd6 38. Bc5 Rd8 39. f4 Nc4 40. Raa1 Kf7
41. Red1 $16 {/\ RRd5,Bb3} Bc6 42. Rxd8 Rxd8 43. Rxa6 Rd2 44. Rxc6 Rxc2 45. Ba7
Rc1+ 46. Kh2 Nd2 (46... Rxc3 47. b5 $18) 47. fxe5 fxe5 48. b5 $18 e4 49. Kg3
Rb1 50. c4 Rb4 51. b6 Rb3+ 52. Kf2 e3+ 53. Ke2 Ne4 54. Bb8 Nf2 55. Be5 Nxg4 56.
Bd4 h5 57. Rc7+ Ke6 1-0

[Event "Bugojno"]
[Site "Bugojno"]
[Date "1978.03.10"]
[Round "11"]
[White "Tal, Mihail"]
[Black "Gligoric, Svetozar"]
[Result "1-0"]
[WhiteElo "2625"]
[BlackElo "2565"]
[Annotator "Bulletin"]
[PlyCount "125"]
[EventDate "1978.02.27"]
[EventType "tourn"]
[EventRounds "15"]
[EventCountry "YUG"]
[EventCategory "14"]
[SourceTitle "MCL"]
[Source "ChessBase"]
[SourceDate "1999.07.01"]
[SourceVersion "1"]
[SourceVersionDate "1999.07.01"]
[SourceQuality "1"]

1. e4 e5 2. Nf3 Nc6 3. Bb5 a6 4. Ba4 Nf6 5. O-O Be7 6. Re1 b5 7. Bb3 d6 8. c3
O-O 9. d4 Bg4 10. d5 Na5 11. Bc2 c6 12. h3 Bxf3 13. Qxf3 cxd5 14. exd5 Nc4 15.
Nd2 Nb6 16. Nf1 Ne8 17. a4 g6 $2 (17... Nxa4 18. Bxa4 bxa4 19. Ne3 g6 20. Nc4
f5 21. Rxa4 Nc7 {Romanishin-Karpov, USSR-ch 1976} 22. Na5 $14) (17... bxa4) 18.
axb5 axb5 19. Bh6 Ng7 20. Bd3 b4 (20... Nc4 21. b3 $16) (20... Na4 21. Bxb5
Nxb2 $2 22. Qe2 $18) 21. cxb4 Rxa1 22. Rxa1 Bg5 (22... f5 23. Bb5 e4 24. Qb3
Bf6 25. Be3 $16) 23. Bxg5 Qxg5 24. Ra7 Qf4 25. Be4 Qxf3 (25... f5 26. Qxf4 exf4
27. Bc2 $16) 26. Bxf3 Rb8 27. Ne3 Ne8 28. g4 Nc8 29. Ra3 Nc7 (29... Rxb4 30.
Ra8) 30. Be2 Nb6 (30... Rxb4 31. Rc3 Rb7 32. Ba6 Nxa6 33. Rxc8+ Kg7 34. Nc4 $16
) 31. Ra5 Nc8 32. Ba6 Ne7 33. Bc4 Nc8 (33... Rxb4 34. Ra7) 34. b5 h6 35. Kg2
Kg7 36. Kf3 Kf6 37. Ke4 Kg5 $2 38. h4+ $1 Kf6 (38... Kxh4 39. f4 $1 $18) 39.
g5+ hxg5 40. Ng4+ Ke7 41. hxg5 Ne8 42. Ra6 Rb7 43. Rc6 Na7 44. Ra6 Nc8 (44...
Nxb5 45. Bxb5 Rxb5 46. Ra7+ Kd8 47. Rxf7 $16) 45. Ra3 Nb6 46. Kd3 Nc7 47. Nf6
Nd7 48. Nxd7 Kxd7 49. Ra6 Kc8 50. Kc3 Rb8 51. Kb4 Kb7 52. Ra3 Rh8 53. Rf3 Rh7
54. Ka5 Rh4 55. b3 Rf4 56. Rxf4 exf4 57. b6 Ne8 (57... Na8 58. Ba6+ Kb8 59. f3
$18 {Zugzwang}) 58. Bb5 Ng7 59. Bd7 f3 60. Bg4 Nh5 61. Bxf3 Nf4 62. Bg4 Nd3 63.
f3 1-0

[Event "URS-ch46 First League"]
[Site "Ashkhabad"]
[Date "1978.??.??"]
[Round "13"]
[White "Tseshkovsky, Vitaly"]
[Black "Beliavsky, Alexander G"]
[Result "1-0"]
[WhiteElo "2570"]
[BlackElo "2545"]
[Annotator "Bulletin"]
[PlyCount "105"]
[EventDate "1978.10.??"]
[EventType "tourn"]
[EventRounds "17"]
[EventCountry "URS"]
[EventCategory "10"]
[SourceTitle "MCL"]
[Source "ChessBase"]
[SourceDate "1999.07.01"]
[SourceVersion "1"]
[SourceVersionDate "1999.07.01"]
[SourceQuality "1"]

1. e4 e5 2. Nf3 Nc6 3. Bb5 a6 4. Ba4 Nf6 5. O-O Be7 6. Re1 b5 7. Bb3 d6 8. c3
O-O 9. d4 Bg4 10. d5 Na5 11. Bc2 c6 12. h3 Bxf3 (12... Bd7 13. Nxe5 $14) (12...
Bc8 $5) 13. Qxf3 cxd5 14. exd5 Rc8 (14... Nc4) 15. Nd2 (15. b3 g6 16. Bh6 Re8
17. Nd2 Qc7 18. Re3 Nh5 $2 19. g4 $1 Ng7 20. h4 $16 {Vasyukov-Vogt, Cienfuegos
1975}) 15... g6 (15... b4) 16. b4 $5 (16. Bd3 Nh5 17. a4 f5 $13 {Stein-Geller,
Kislovodsk 1968}) 16... Nc4 17. Nxc4 Rxc4 18. Bd2 Nh5 19. Bd3 Rc7 20. a4 $14 f5
21. Bf1 Qd7 22. axb5 axb5 23. Ra6 Rb8 24. Rea1 Nf6 25. Ra8 Rcb7 26. R1a7 Re8 $2
$16 (26... Qc8 27. Rxb8 Qxb8 28. Rxb7 Qxb7 29. Qd3 Qxd5 $14) 27. Rxb7 Qxb7 28.
Ra5 e4 29. Qd1 Qxd5 30. Bxb5 Rd8 31. Qe2 Qe6 32. c4 d5 33. cxd5 Qe5 34. g3 Bd6
35. Qe3 Qxd5 36. Bc3 Qd1+ 37. Kg2 (37. Kh2 $1 f4 38. gxf4 Nh5 39. Bc4+ Kf8 40.
Ra7 Bxf4+ 41. Qxf4+ Nxf4 42. Bg7+ Ke8 43. Bf7#) 37... f4 38. gxf4 Nh5 39. Bc4+
Kf8 40. Be5 (40. Ra7 $2 Qf3+ 41. Qxf3 exf3+ 42. Kxf3 Rc8) 40... Qf3+ 41. Qxf3
exf3+ 42. Kxf3 Bxb4 43. Ra7 Be7 44. Kg4 Ke8 45. Ra6 (45. Bg8 $18) 45... Rd2 46.
f5 Nf6+ 47. Kf3 Nd7 48. Ra8+ $18 Bd8 49. Bc7 Nf6 50. Bb5+ Ke7 51. Bf4 Rd4 52.
Ra7+ Kf8 53. Be3 1-0

[Event "UKR-ch 82nd"]
[Site "Kiev"]
[Date "2013.06.16"]
[Round "2"]
[White "Ponomariov, Ruslan"]
[Black "Eljanov, Pavel"]
[Result "1-0"]
[WhiteElo "2743"]
[BlackElo "2707"]
[Annotator "CB"]
[PlyCount "61"]
[EventDate "2013.06.15"]
[EventType "tourn"]
[EventRounds "11"]
[EventCountry "UKR"]
[EventCategory "17"]
[SourceTitle "CBM 155"]
[Source "ChessBase"]
[SourceDate "2013.07.16"]
[SourceVersion "1"]
[SourceVersionDate "2013.07.16"]
[SourceQuality "1"]

1. e4 e5 2. Nf3 Nc6 3. Bb5 a6 4. Ba4 Nf6 5. O-O Be7 6. Re1 b5 7. Bb3 d6 8. c3
O-O 9. d4 Bg4 10. Be3 exd4 11. cxd4 d5 12. e5 Ne4 13. h3 Bh5 14. Nbd2 Nxd2 15.
Qxd2 Bxf3 16. Qc3 Bxg2 $146 ({Den Mut, diesen Bauern zu nehmen, hatte bislang
noch niemand. In einer Vorgängerpartie geschah:} 16... Rb8 17. gxf3 Qd7 18. a3
b4 19. Qc2 Na5 20. Ba4 Qxh3 21. Qxc7 bxa3 22. bxa3 Bh4 23. Qd7 Qxf3 24. Bd1 Qe4
25. Qh3 Nc4 26. Bg4 Bd8 27. Bf3 Qg6+ 28. Qg2 Qxg2+ 29. Kxg2 Nxe3+ 30. fxe3 Bh4
31. Reb1 Bg5 32. Rxb8 Rxb8 33. Bxd5 Bxe3 34. Rf1 Bxd4 35. Rxf7 Kh8 36. e6 Bc5
37. a4 {1/2-1/2 (39) Bester,B (2392)-Green,W (2439) ICCF email 2010}) 17. Kxg2
Nb8 18. Rac1 c6 19. Kh2 {Weiß nutzt die offene g-Linie zu einem Angriff auf
den schwarzen König.} f5 20. Rg1 Ra7 ({Nach} 20... f4 21. Bd2 {ist auf einmal
der weißfeldrige Läufer stark.}) 21. Rg2 Qd7 22. Rcg1 Rf7 23. Bd1 g6 24. Bh5
Bf8 25. Bf4 Qe8 26. Rxg6+ {Nachdem Weiß seinen Angriff auf der g-Linie
systematisch verstärkt hat, schlägt er nun taktisch zu.} hxg6 27. Rxg6+ Bg7 28.
e6 {Weiß hat zwar einen Turm weniger, aber gewinnt das Material bald mit
Zinsen zurück.} Rf8 29. Qc5 Qe7 30. Bd6 Qh4 31. Qxa7 1-0

[Event "Montreal International"]
[Site "Montreal"]
[Date "1979.04.13"]
[Round "3"]
[White "Timman, Jan H"]
[Black "Spassky, Boris Vasilievich"]
[Result "1/2-1/2"]
[WhiteElo "2625"]
[BlackElo "2640"]
[Annotator "ChessBase"]
[PlyCount "61"]
[EventDate "1979.04.11"]
[EventType "tourn"]
[EventRounds "18"]
[EventCountry "CAN"]
[EventCategory "15"]
[SourceTitle "MCL"]
[Source "ChessBase"]
[SourceDate "1999.07.01"]
[SourceVersion "1"]
[SourceVersionDate "1999.07.01"]
[SourceQuality "1"]

1. e4 e5 2. Nf3 Nc6 3. Bb5 a6 4. Ba4 Nf6 5. O-O Be7 6. Re1 b5 7. Bb3 d6 8. c3
O-O 9. d4 Bg4 10. d5 Na5 11. Bc2 c6 12. h3 Bc8 (12... Bd7 $6 13. Nxe5 $1 dxe5
14. d6 $1 $14) (12... Bxf3 $5 13. Qxf3 cxd5 14. exd5 Nc4 15. Nd2 Nb6 16. Nf1
Nbxd5 17. Ng3 $44 Nc7 18. Nf5) 13. dxc6 Qc7 $1 (13... Nxc6 14. Nbd2 Bb7 15. Nf1
Nb8 16. Ng3 Re8 17. a4 $14 {Nunn,J-Godoy/Haifa ol/1976/}) 14. Nbd2 (14. a4 Be6
15. axb5 axb5 16. Ng5 Qxc6 17. Nxe6 fxe6 18. Nd2 Rfc8 $10) 14... Qxc6 15. Nf1
Nc4 (15... Be6 16. Ng3 g6 17. Bh6 Rfc8 18. Ng5 Bf8 {Ligterink,G-Timman,J/
Amsterdam/1978/}) 16. Ng3 Re8 17. a4 (17. Qe2 Bb7 18. Nf5 Bf8 {/\d5} 19. Bg5 d5
) 17... Bb7 18. Bd3 Bf8 19. Qe2 d5 $1 20. axb5 axb5 21. Rxa8 Bxa8 22. exd5 Nxd5
23. Nf5 (23. Bxc4 bxc4 24. Nxe5 Qc7 $1) 23... e4 24. Bxe4 Nxc3 25. bxc3 Rxe4
26. Qxe4 $10 Qxe4 27. Rxe4 Bxe4 28. N5d4 b4 29. Nd2 Nxd2 30. Bxd2 bxc3 31. Bxc3
1/2-1/2

[Event "RUS-ch"]
[Site "Elista"]
[Date "1995.??.??"]
[Round "9"]
[White "Smagin, Sergey"]
[Black "Yemelin, Vasily"]
[Result "1-0"]
[WhiteElo "2545"]
[BlackElo "2500"]
[Annotator "Dolmatov,S"]
[PlyCount "149"]
[EventDate "1995.10.??"]
[EventType "swiss"]
[EventRounds "11"]
[EventCountry "RUS"]
[SourceTitle "CBM 050"]
[Source "ChessBase"]
[SourceDate "1996.02.01"]
[SourceVersion "1"]
[SourceVersionDate "1996.02.01"]
[SourceQuality "1"]

1. e4 {Wedberg} e5 2. Nf3 Nc6 3. Bb5 a6 4. Ba4 Nf6 5. O-O Be7 6. Re1 b5 7. Bb3
d6 8. c3 O-O 9. d4 $6 Bg4 10. d5 (10. Be3) 10... Na5 11. Bc2 Qc8 (11... c6 12.
h3 Bc8) 12. h3 Bd7 13. Nbd2 c6 14. b4 $6 (14. dxc6 Qxc6 15. Nf1 Nc4 16. Ng3 $14
) 14... Nb7 (14... Nc4 {Wedberg} 15. Nxc4 bxc4 16. dxc6 Qxc6 17. a4 h6 18. Nd2
Be6 19. Nf1 Rfe8 20. Qf3 d5 $10 {Martens,M-Van der Sterren,P/Wijk-B/1991}) 15.
dxc6 Qxc6 (15... Bxc6 {Wedberg} 16. Nf1 Nd8 17. Ng3 Ne6 18. Bb3 Rd8 $10 {
Khalifman,A-Beliavsky,A/Moscow/1988}) 16. Bb2 a5 $5 {N} (16... Nd8 17. Bd3 Ne6
18. g3 Bd8 19. c4 Bb6 $14 {Muhametov,S-Smagin,S/JUG/1992/}) 17. a3 Nd8 18. Bd3
Ne6 19. Bf1 axb4 (19... Qb7 $5 20. g3 Bc6 21. Qe2) 20. cxb4 Qb7 21. g3 Bc6 22.
Bg2 Bd8 (22... Nxe4 23. Nxe5 $6 (23. Nxe4 Bxe4 24. Rxe4 Qxe4 25. Nxe5 Qf5 26.
Bxa8 Rxa8 $14) 23... Nxf2 24. Bxc6 Qb6 (24... Nxd1 25. Bxb7 Nxb2 26. Nc6 Rae8))
23. Nh4 g6 24. Rc1 Ra6 25. Qf3 $2 (25. Qe2 Ne8 26. Nhf3 $13) 25... Ne8 26. Nf1
Bxh4 27. gxh4 $17 Nf4 28. Ng3 Ng7 (28... f5 $36 {Wedberg}) 29. Bf1 f5 $6 (29...
Qe7 $5 30. a4 Bd7 31. axb5 Rb6 $40) 30. Rcd1 Bxe4 $6 (30... fxe4 31. Qb3+ (31.
Nxe4 {Wedberg} Nf5 $40) 31... Kh8 (31... Bd5 $2 32. Rxd5 Nxd5 (32... Qxd5 33.
Qxd5+ Nxd5 34. Bxb5) 33. Rd1 $16) 32. Rxd6 Bd5 33. Rxd5 Nxd5 34. Bxe5) 31. Nxe4
fxe4 32. Qxe4 Qe7 33. Qf3 Qxh4 $2 (33... Rb6 $5 $15) 34. Qg3 Nf5 (34... Qh5 $5
35. Qg4 Rb6 $15) 35. Qxh4 Nxh4 36. Bxb5 Nf3+ 37. Kh1 Rb6 38. Bc4+ Kg7 (38... d5
$2 {Wedberg} 39. Rxd5 $1 Nxd5 40. Bxd5+ Kg7 41. Bxf3 Rxf3 42. Rxe5 Kf7 43. Kg2
$14) 39. Re3 Nxh3 40. Rf1 (40. Kg2 $2 Nxf2 41. Kxf2 (41. Rf1 Nd2 $19) 41...
Nd2+ $17) 40... Nd2 41. Rxh3 Nxf1 $6 (41... Nxc4 $5 42. Bc1 h5 $17 43. Kg2 d5)
(41... Nxc4 $17 {Wedberg}) 42. Bc1 $1 (42. Bxf1 $2 Rxf2 $19) 42... Rxf2 43.
Bh6+ Kf6 44. Bd3 $1 (44. Kg1 Nd2 $17) 44... g5 $2 (44... Ke6 $5 45. Kg1 Rh2 46.
Rxh2 Nxh2 47. Kxh2 d5 $13 48. b5 e4 49. Bf1 d4 50. a4 d3) 45. Kg1 Rf4 46. Bxf1
Rc6 $2 (46... Kg6 47. b5 d5 $13) (46... Kg6 $17 {Wedberg}) 47. Rg3 Rf5 48. Bd3
Rc3 49. Kg2 $18 e4 (49... Rxa3 $142 {Wedberg} 50. Bxf5 Rxg3+ 51. Kxg3 Kxf5 52.
Bxg5 Ke6 $10) 50. Bxe4 Rxg3+ 51. Kxg3 Rf1 52. b5 Ra1 53. Kg4 Rg1+ (53... Rxa3
$5 54. Bxg5+ Ke5 55. Bc6 Rb3 56. Bd8 Kd4 $16) 54. Kh5 Ke5 55. Bxh7 g4 56. b6
Rg3 (56... g3 57. b7 g2 58. Be3 Rh1+ 59. Kg4 g1=Q+ 60. Bxg1 Rxg1+ 61. Kh3 $18)
57. Bc2 Rh3+ 58. Kg6 Rxh6+ 59. Kxh6 g3 60. b7 g2 61. b8=Q g1=Q 62. Qe8+ Kd4 63.
Qe4+ Kc5 64. Qb4+ Kc6 65. Be4+ d5 66. Qc4+ Kb6 67. Qb3+ Ka5 68. Qb4+ Ka6 69.
Qd6+ Ka5 (69... Ka7 70. Qc7+ Ka6 71. Bd3#) 70. Qxd5+ Kb6 (70... Ka4 71. Bc2+
Kxa3 72. Qb3#) 71. Qb7+ Ka5 72. Qb4+ Ka6 73. Bd3+ Ka7 74. Qe7+ Kb6 75. Qf6+ 1-0

[Event "EU-chT (Men) 15th"]
[Site "Gothenburg"]
[Date "2005.08.01"]
[Round "3.1"]
[White "Svidler, Peter"]
[Black "Bacrot, Etienne"]
[Result "1/2-1/2"]
[WhiteElo "2738"]
[BlackElo "2729"]
[Annotator "Erenburg,S"]
[PlyCount "43"]
[EventDate "2005.07.30"]
[EventType "team-swiss"]
[EventRounds "9"]
[EventCountry "SWE"]
[SourceTitle "CBM 109"]
[Source "ChessBase"]
[SourceDate "2005.11.14"]
[SourceVersion "1"]
[SourceVersionDate "2005.11.14"]
[SourceQuality "1"]
[WhiteTeam "Russia"]
[BlackTeam "France"]
[WhiteTeamCountry "RUS"]
[BlackTeamCountry "FRA"]

{[%mdl 256]} 1. e4 e5 2. Nf3 Nc6 3. Bb5 a6 4. Ba4 Nf6 5. O-O Be7 6. Re1 b5 7.
Bb3 d6 8. c3 O-O 9. d4 {Another theoretical possibility is} (9. h3 Na5 10. Bc2
c5 11. d4 Nd7 {1-0 Leko,P-Adams,M/Miskolc 2005/CBM 108_01/[Erenburg] (44)})
9... Bg4 10. Be3 {White has two main principled attempts to fight for an
advantage. Another one is:} (10. d5 Na5 11. Bc2 {1-0 Comp Hydra-Adams,M/London
2005/CBM 108_01/[Erenburg] (28)}) 10... exd4 11. cxd4 Na5 {attacking the
light-squared bishops, and, preparing to carry out c7-c5.} 12. Bc2 c5 {Another
theoretical possibility is} (12... Nc4 13. Bc1 c5 {1/2-1/2 Kramnik,V-Adams,M/
Dortmund 2005/CBM 108_01/[Erenburg] (58)}) 13. h3 {White forces black
immediately to define the location of his light-squared bishop. Other
continuations are:} (13. dxc5 dxc5 14. Nc3 Nc4 15. e5 {1-0 Nisipeanu,L-Ivanov,
A/Moscow 2005/CBM 106/[Wedberg] (26)}) (13. Nbd2 cxd4 14. Bxd4 Nc6 15. Be3 d5 {
0-1 Ivanovic,B-Smejkal,J/Zagreb 1985/MCL/[Kharitonov] (43)}) 13... Bxf3 {
giving white a pair of bishops. Black can keep his light-squared bishop on the
board as well:} (13... cxd4 14. Bxd4 Bh5 15. g4 Bg6 16. Nc3 Rc8 17. Rc1 Nc6 18.
Be3 {1/2-1/2 Kasimdzhanov,R-Adams,M/Tripoli 2004/CBM 102/[Ftacnik] (44)}) 14.
Qxf3 cxd4 {opening the "c" file for the rook.} ({Black faced some problems
after} 14... Nc4 15. dxc5 dxc5 16. Nc3 Nd7 {1-0 Grischuk,A-Socko,B/Istanbul
2003/CBM 096/[Wedberg] (50)}) 15. Bxd4 Rc8 {Black allowed white to get a pair
of bishops and superior pawn structure. But, black can compensate it by
development advantage.} (15... Nc6 {1-0 Dominguez,L-Morovic Fernandez,I/Havana
2004/CBM 101/[Wedberg] (40)}) 16. Bb3 {White is ready to change one of his
bishops in order to stabilize the position and to keep a superior pawn
structure. White has the following alternatives:} (16. Qd1 $146 Nd7 17. Nc3 Bf6
{[%cal Gb5b4,Yc8c2,Gf6d4,Yf6e5,Yd8f6]} 18. Re2 {1/2-1/2 Gelfand,B-Bacrot,E/
Gothenburg 2005/CBM 109_01/[Erenburg] (30)}) (16. Qd3 Nc6 17. Bc3 g6 18. Bb3
Nd7 19. a3 Nc5 20. Qd5 Nxb3 21. Qxb3 Bf6 22. Qd5 Bxc3 23. Nxc3 Qf6 24. Rad1 $14
{1-0 Lanc,A-Mrva,V/SVK 1997/EXT 98 (52). (51)}) 16... Nc6 17. Qd1 {White
cannot move away the bishop from the central position. Otherwise, black's c6
knight will get some important spots:} (17. Be3 Ne5 $15) (17. Bc3 b4 18. Bd2
Nd4 19. Qd3 Nxb3 20. Qxb3 d5 $11) 17... d5 $1 $146 {[%mdl 520] Black is
sacrificing a pawn, but he will get a control over the dark squares. It looks
like a serious improvement in comparison to the previous games, where black
haven't equalized:} (17... a5 18. Nc3 a4 19. Bd5 Nxd4 20. Qxd4 Qa5 21. a3 $1
Nd7 22. Qb4 $16 {1-0 Grischuk,A-Tkachiev,V/France 2003/CBM 95/[Wedberg] (59)})
(17... Nxd4 18. Qxd4 Nh5 19. Nc3 Bf6 20. Qd2 Bg5 21. Qe2 Nf4 22. Qf3 Ng6 23.
Red1 Bf6 24. Rac1 $14 {1/2-1/2 Ivanchuk,V-Romanishin,O/73rd ch-UKR, Kharkiv
UKR (2.2) 2004 (93)}) {Other continuations are not better:} 18. exd5 (18. Bxf6
Bxf6 19. exd5 Bxb2 20. dxc6 Bxa1 $19) (18. Bxd5 Nxd5 19. exd5 Qxd5 20. Nc3 Qf5
$15 (20... Qxd4 21. Qxd4 Nxd4 22. Rxe7 $11)) 18... Nxd4 19. Qxd4 Bc5 {If we
compare the locations of white's light-squared bishop, that is limitted by his
d5 pawn, and black's dark-squared bishop, that is extremely active on a7-g1
diagonal, it is easy to understand, that black has a sufficient compensation.}
20. Qd3 ({Doesn't promise too much:} 20. Qd2 b4 {preventing from white to
complete the development.} 21. Qd3 (21. a3 Qb6 $44) 21... Qb6 22. Qf3 (22. Qf5
Bd4 23. Nd2 Bxb2 24. Nc4 Rxc4 25. Bxc4 Bxa1 26. Rxa1 Qd4 $11) 22... Bd4 23. Nd2
Bxb2 24. Nc4 Rxc4 25. Bxc4 Bxa1 26. Rxa1 Rc8 $11 (26... Qd4 27. Rc1 Rc8 28. d6
$13)) 20... Qb6 21. Qf3 a5 $44 {Black has got a full compensation for a
sacrificed pawn. White faces some problems to complete the development, and
his pieces are passive in comparison to black's ones.} 22. Nc3 (22. Nc3 Bd4 (
22... a4 23. Bc2 a3 24. Bf5 axb2 25. Rab1 Bxf2+ 26. Qxf2 Qxf2+ 27. Kxf2 Rxc3
28. Rxb2 Rc5 29. Bd3 Nxd5 30. Bxb5 Nc3 31. Bd3 $14) 23. Rad1 Bxc3 24. bxc3 a4
25. Bc2 Qd6 $44 {[%cal Yd6a3]}) (22. Nd2 $6 a4 23. Bd1 Rfd8 $15) 1/2-1/2